Break down: A personal crisis and a Med.- Dilemma (Record no. 1453001)

MARC details
000 -LEADER
fixed length control field 00600nam a2200205Ia 4500
005 - DATE AND TIME OF LATEST TRANSACTION
control field 20250923145554.0
008 - FIXED-LENGTH DATA ELEMENTS--GENERAL INFORMATION
fixed length control field 008 250917s9999 xx 000 0 eng d
037 ## - SOURCE OF ACQUISITION
Stock number Textual
040 ## - CATALOGING SOURCE
Original cataloging agency DSWL
Language of cataloging eng
Transcribing agency DSWL
041 ## - LANGUAGE CODE
Language code of text/sound track or separate title eng
Source of code eng
084 ## - COLON CLASSIFICATION NUMBER
Classification number L7:4:691, N76
Assigning agency DSWL
100 ## - MAIN ENTRY--PERSONAL NAME
Personal name Sutherland, S.
9 (RLIN) 836737
245 #0 - TITLE STATEMENT
Title Break down: A personal crisis and a Med.- Dilemma
Statement of responsibility, etc. by S.Sutherland
260 ## - PUBLICATION, DISTRIBUTION, ETC.
Place of publication, distribution, etc. London
Name of publisher, distributor, etc. Weidenfeld & Nicalson
Date of publication, distribution, etc. 1976
300 ## - PHYSICAL DESCRIPTION
Extent x,276p.
365 ## - TRADE PRICE
Price type code INR
Price amount 82.20
925 ## -
-- 82.20
942 ## - ADDED ENTRY ELEMENTS (KOHA)
Koha item type Textual
Classification part L7:4:691, N76
Holdings
Withdrawn status Lost status Damaged status Not for loan Home library Current library Date acquired Source of acquisition Inventory number Total Checkouts Full call number Barcode Date last seen Price effective from Koha item type
        Department of Social Work Library Department of Social Work Library 2025-09-23 K.P. Pub. 1286 13/11/1981   L7:4:691, N76 SW0020567 2025-09-23 2025-09-23 Textual
Copyright @ Delhi University Library System